Born in Chongqing - Statistics

General Stats
  • This quiz has been taken 15 times
  • The average score is 2 of 5
Answer Stats
Hint Answer % Correct
President of China from 1988 to 1993 and one of the Eight Elders who dominated the Communist party after the death of Mao Zedong 1907 Yang Shangkun
71%
Chinese-American WWE wrestler 1988 Xia Li
57%
Chinese-Canadian director and animator working for Pixar, "Turning Red" 1989 Domee Shi
43%
Diver and winner of four Olympic medals 1991 Shi Tingmao
43%
Chinese-American billionaire and co-founder of Kingston Technology 1941 John Tu
29%
No matching quizzes found
Score Distribution
Percent of People with Each Score
Percentile by Number Answered
Your Score History
You have not taken this quiz